000 00644nam a22002537a 4500
003 UA-OsUOA
001 31901
007 ta
008 20050114b un ||||| |||| 00| 0 ukr d
090 _a82.09
_bФ83
942 _cBK
040 _aUA-OsUOA
_bukr
_cUA-OsUOA
_dUA-OsUOA
245 _aФранко в школі
_bЗбірник науково-методтчних праць
_cРед. М.Гуняк
300 _a254 с.
955 _a0
041 _aukr
080 _a82.09
020 _a966-7996-28-Х
260 _aДрогобич
_bКоло
_c2003
246 3 1 _aВип. 1
_n
044 _aUA
650 7 _2UDC
999 _c318336
_d318336